[Event "Romanian Team Rapid Open 2022"]
[Site "Sebes"]
[Date "2022.12.03"]
[Round "3.14"]
[White "Cosma, Ioan"]
[Black "Nevednichy, Vladislav"]
[Result "1/2-1/2"]
[WhiteElo "2368"]
[BlackElo "2499"]
[Annotator "TA"]
[PlyCount "71"]
[EventDate "2022.12.03"]
[EventType "rapid"]
[EventCountry "ROU"]
[SourceTitle "playchess.com"]
[Source "ChessBase"]
[SourceQuality "1"]

{[%evp 19,71,65,66,64,70,56,52,41,50,0,30,36,89,79,86,93,93,76,76,76,72,56,59,36,60,56,62,40,40,45,72,71,104,0,61,47,61,39,61,61,61,47,63,47,47,56,57,31,47,31,54,0,41,0]} 1. d4 Nf6 2. Nf3 g6 3. c4 Bg7 4. Nc3 O-O 5. e4 d6 6. Be2 c5 7. O-O Nc6 8. d5 Na5 9. Bd2 e5 10. a3 b6 $1 11. b4 {E91: King's Indian: Classical: 6 Be2, unusual replies including 6...c5 and 6...Bg4.} Nb7 12. Ne1 {White is more active.} Ne8 13. Nd3 f5 14. bxc5 ({White should try} 14. f3 $14) 14... Nxc5 15. Nxc5 dxc5 (15... bxc5 $14 16. Rb1 fxe4) 16. a4 $16 Nd6 17. a5 Bd7 18. axb6 axb6 {[#]} 19. Qb3 $146 {Strongly threatening Rxa8.} ({Predecessor:} 19. Rxa8 Qxa8 20. Qb3 Rb8 21. f3 Rb7 22. Qb2 h5 23. Ra1 Qd8 24. Ra6 Kh7 25. Be3 {½-½ (45) Ostojic,N (2432)-Nevednichy,V (2558) Zlatibor 2008}) 19... Qc7 20. f3 Rfb8 21. Qb2 h5 22. Rxa8 Rxa8 23. Ra1 Rxa1+ 24. Qxa1 Kf7 25. Bg5 Bf6 {[#]} 26. Bd2 ({White should play} 26. Bxf6 $1 $16 Kxf6 27. exf5 Bxf5 28. g4 hxg4 29. fxg4) 26... h4 (26... Bg7 $1 $11) 27. h3 $14 Qb7 28. Qa2 Ke7 29. Qa3 Kf7 30. Be1 Ke7 31. Bf2 Kf7 32. Qa1 Qc8 33. Qa7 Qb7 34. Qa3 Qc8 35. Qa7 Qb7 36. Qa3 {Weighted Error Value: White=0.18 (very precise) /Black=0.14 (very precise)} 1/2-1/2

[Event "Romanian Team Rapid Open 2022"]
[Site "Sebes"]
[Date "2022.12.03"]
[Round "3.15"]
[White "Stoleriu, George"]
[Black "Itkis, Boris"]
[Result "1/2-1/2"]
[WhiteElo "2389"]
[BlackElo "2343"]
[Annotator "TA"]
[PlyCount "47"]
[EventDate "2022.12.03"]
[EventType "rapid"]
[EventCountry "ROU"]
[SourceTitle "playchess.com"]
[Source "ChessBase"]
[SourceQuality "1"]

{[%evp 14,47,10,16,12,2,12,-15,8,0,6,2,9,23,21,14,24,19,41,37,35,18,12,9,9,17,16,1,0,2,16,0,0,-4,0,-24]} 1. e4 d6 2. d4 Nf6 3. Nc3 g6 4. h3 Bg7 5. Be3 O-O 6. Nf3 a6 7. a4 Nc6 $1 {[%mdl 4] outshines the older 7...b6.} 8. Qd2 e5 {B08: Pirc Defence: Classical System.} 9. dxe5 dxe5 10. Rd1 Qxd2+ 11. Rxd2 Re8 12. Bc4 Be6 13. Bxe6 {[#]} Rxe6 $146 ({Predecessor:} 13... fxe6 14. O-O Rad8 15. Rfd1 Rxd2 16. Rxd2 Bf8 17. Bg5 Kf7 18. Bxf6 Kxf6 19. Ne2 Rd8 20. Rxd8 Nxd8 {½-½ (31) Eliet,N (2320)-Aurel,L (2210) Montpellier 1991}) 14. O-O Ree8 15. Rfd1 h6 16. Kf1 Bf8 17. Ng1 Rad8 {The position is equal.} 18. Rxd8 Rxd8 19. Rxd8 Nxd8 20. f3 c6 21. Nge2 Ne6 22. Ke1 Nd7 23. Kd2 h5 24. Nd1 {Weighted Error Value: White=0.08 (flawless) /Black=0.06 (flawless)} 1/2-1/2

[Event "Romanian Team Rapid Open 2022"]
[Site "Sebes"]
[Date "2022.12.03"]
[Round "3.16"]
[White "Bulau, Andrei-Cristian"]
[Black "Zubcu, Vlad-George"]
[Result "1-0"]
[WhiteElo "2154"]
[BlackElo "2135"]
[Annotator "TA"]
[PlyCount "111"]
[EventDate "2022.12.03"]
[EventType "rapid"]
[EventCountry "ROU"]
[SourceTitle "playchess.com"]
[Source "ChessBase"]
[SourceQuality "1"]

{[%evp 14,111,7,8,28,25,44,0,20,16,45,29,60,44,52,52,64,71,84,85,66,73,120,80,110,107,195,160,184,179,162,161,155,157,143,150,195,151,188,81,94,76,78,48,144,145,134,133,160,148,194,143,170,77,193,175,153,153,379,395,379,60,72,40,56,0,86,79,254,279,286,276,244,257,378,378,342,313,321,329,5493,3832,29968,29969,29974,29972,29972,29973,29973,29973,29973,29973,29973,29972,29976,29976,29969,29959,29988,29989]} 1. d4 Nf6 2. c4 e6 3. Nc3 Bb4 4. Qc2 O-O 5. Nf3 c5 6. dxc5 Na6 7. g3 Nxc5 8. Bg2 d5 {E39: Nimzo-Indian: Classical: 4...c5 5 dxc5 0-0.} 9. cxd5 {[#]} Bxc3+ $146 ({Predecessor:} 9... Qxd5 10. O-O Qc4 11. Ne5 Qa6 12. Be3 Bd7 13. a3 Bxc3 14. Qxc3 Na4 15. Qb4 Bb5 16. b3 {0-1 (58) Garriga Cazorla,P (2478)-Djordjevic,V (2350) Chess.com INT 2021}) 10. bxc3 Qxd5 {The position is equal.} 11. O-O (11. Ba3 {is more complex.} Bd7 12. Rd1 Qc6 13. O-O) 11... Qe4 12. Qd2 Qa4 {Prevents Ba3.} 13. Qd4 Qa5 14. Qb4 Qxb4 15. cxb4 Ncd7 16. Bb2 $36 {[%mdl 2048] Keeping Black busy.} Nd5 17. a3 b6 (17... N7b6 $142) 18. Rac1 Ba6 19. Nd4 Rac8 (19... Rfc8 $16) 20. Nc6 Kh8 21. Nxa7 Rxc1 22. Rxc1 Bxe2 23. Nc8 b5 24. Nd6 N7b6 25. Bxd5 exd5 26. Nf5 (26. Bd4 $18 Nc4 27. Nxb5) 26... f6 $16 27. Rc7 $1 Nc4 28. Bd4 Ne5 (28... Nd2 $14) 29. f4 $1 {White is more active.} (29. Rxg7 $2 {loses.} Bd3 30. Bxe5 Bxf5 31. Bxf6 Rxf6 $19) 29... Nf3+ 30. Kf2 Nxd4 31. Nxd4 {[%mdl 4096] Endgame KRB-KRN} Bc4 32. Ne6 {Against g5} (32. Rb7 $18) 32... Re8 33. Rd7 h6 (33... g5 $16 34. Nc7 Re2+ 35. Kf3 Rxh2) 34. Rd8 $1 $18 Rxd8 35. Nxd8 {Strongly threatening Ke3. KB-KN} Kg8 $2 (35... d4 $16 {was worth a try.} 36. Nc6 d3) 36. Ke3 Kf8 37. Kd4 $2 (37. Ne6+ $18 Kf7 38. Nc7) 37... Ke7 $14 38. Nc6+ (38. Nb7 $5 {[%cal Rd4c5]}) 38... Kd6 39. Nd8 (39. Na5 $14) 39... Kd7 {[#]} (39... Ke7 $1 $11 {remains equal.} 40. Nb7 Ke6) 40. Nb7 $1 $16 {aiming for Nc5+. Black is now going downhill.} Kc6 (40... Ke6 $16) 41. Nc5 $18 Kd6 {[#]} 42. a4 $1 bxa4 43. Nxa4 Kc6 (43... Bf1 {keeps fighting.} 44. Nc3 Bg2) 44. Nc3 Bb3 45. h4 Kd6 46. b5 {[%cal Bb4b5,Bb5b6][%mdl 32]} g5 $2 (46... Bc4 47. b6 Bb3) 47. b6 {b7 is the strong threat.} gxh4 48. gxh4 {White mates.} h5 49. b7 Kc7 50. Nxd5+ Kxb7 51. Nxf6 Bf7 52. Ke5 Kc6 53. f5 Kc5 54. Ne4+ Kc6 55. Ng5 Bb3 56. Ne6 {Weighted Error Value: White=0.24 (precise) /Black=0.40} 1-0

[Event "Romanian Team Rapid Open 2022"]
[Site "Sebes"]
[Date "2022.12.03"]
[Round "3.17"]
[White "Teodorescu, Razvan"]
[Black "Nastase, Robert-Paul"]
[Result "*"]
[WhiteElo "2118"]
[BlackElo "2229"]
[Annotator "TA"]
[PlyCount "74"]
[EventDate "2022.12.03"]
[EventType "rapid"]
[EventCountry "ROU"]
[SourceTitle "playchess.com"]
[Source "ChessBase"]
[SourceQuality "1"]

{[%evp 12,61,18,15,38,37,47,34,44,-36,4,-31,64,15,53,21,83,83,95,79,72,64,127,130,198,195,176,165,306,269,263,264,385,419,497,386,475,482,568,577,687,660,928,690,672,669,637,395,426,450,443,-77]} 1. d4 f5 2. c4 Nf6 3. Nf3 g6 4. e3 {[%cal Be2e3,Be3e4][%mdl 32]} Bg7 5. Bd3 O-O 6. O-O d6 7. Nc3 Re8 {A85: Dutch Defence: 2 c4 Nf6 3 Nc3.} 8. e4 e5 9. dxe5 dxe5 {White is slightly better.} 10. Qc2 (10. exf5 $14 Bxf5 11. Bxf5 Qxd1 12. Be6+ (12. Rxd1 gxf5 13. Nh4 f4 $14) 12... Rxe6 13. Rxd1) 10... f4 (10... Nc6 $5 {[%cal Rc6b4]} 11. Qd1 (11. exf5 $2 Nb4 $19) 11... h6 $15) 11. Rb1 h6 ({Black should try} 11... Bg4 $15) 12. b4 (12. Rd1 $14) 12... g5 13. Rd1 c6 (13... g4 $1 $11 {keeps the balance.} 14. c5 Nfd7) 14. c5 $36 {[%mdl 2048] Threatens to win with Bc4+. White has strong initiative.} Qe7 15. Nd2 {[%cal Bf3d2,Bd2c4,Bc4d6][%mdl 32] White is more active.} Bg4 16. Be2 h5 {Black is now going downhill.} ({Black should play} 16... Bxe2 $14 17. Nxe2 (17. Qb3+ Kh8 $11) 17... a5) 17. Nc4 Rf8 (17... Bxe2 $16 18. Qxe2 (18. Nxe2 Nbd7 $16) 18... Na6) 18. Nd6 $18 Bxe2 19. Qxe2 Nbd7 (19... Rd8 {is a better defense.} 20. Qc4+ Kh7) 20. Qc4+ Kh7 21. Nxb7 f3 (21... a6 {might work better.} 22. Na5 Nb8) 22. Bxg5 fxg2 23. Rd6 ({Not} 23. Kxg2 Nb6 24. cxb6 Qxb7 $18) 23... Qe8 24. Rbd1 (24. Kxg2 Rg8 25. Kf1 Qg6 $18) (24. Rxc6 Qg6 $18) 24... Qg6 25. h4 Rf7 26. Rxc6 Nb8 27. Nd8 Nxc6 28. Nxf7 Rf8 29. Nd6 Nd4 30. Rxd4 ({Weaker is} 30. Kxg2 Bh6 31. Qd3 Bxg5 32. hxg5 Ng4 $16) 30... exd4 {[#]} 31. Nd5 $2 {[#]   Weighted Error Value: White=0.46/Black=0.59} (31. Qxd4 $2 {perishes.} Ng4 32. Qd5 Rxf2 $19) (31. f4 $1 $18 {[%cal Rf4f5]} Bh8 32. Nd5) {Predecessor:} 31... Nxe4 $146 32. Ne7 Nxd6 33. cxd6 Qb1+ 34. Kxg2 Qe4+ 35. Kg1 Qf3 36. Qc2+ d3 37. Qd2 Bd4 {0-1 (44) Cordea,D (2049)-Nastase,R (2229) Sebes 2022} *

[Event "Romanian Team Rapid Open 2022"]
[Site "Sebes"]
[Date "2022.12.03"]
[Round "3.17"]
[White "Cordea, David"]
[Black "Nastase, Robert-Paul"]
[Result "0-1"]
[WhiteElo "2049"]
[BlackElo "2229"]
[Annotator "TA"]
[PlyCount "88"]
[EventDate "2022.12.03"]
[EventType "rapid"]
[EventCountry "ROU"]
[SourceTitle "playchess.com"]
[Source "ChessBase"]
[SourceQuality "1"]

{[%evp 12,88,21,16,29,52,33,41,57,-41,23,-43,45,8,50,22,70,72,89,76,70,67,125,119,190,168,193,158,288,269,272,255,375,394,489,408,486,452,601,597,646,680,724,681,653,653,655,395,422,427,419,-37,-28,-311,-338,-589,-541,-929,-879,-29992,-443,-29989,-29990,-29990,-29989,-29989,-51,-28,0,0,0,0,0,-100,-100,-100,-100,-317,-304]} 1. d4 f5 2. c4 Nf6 3. Nf3 g6 4. e3 {[%cal Be2e3,Be3e4][%mdl 32]} Bg7 5. Bd3 O-O 6. O-O d6 7. Nc3 Re8 {A85: Dutch Defence: 2 c4 Nf6 3 Nc3.} 8. e4 e5 9. dxe5 dxe5 {White is slightly better.} 10. Qc2 {[#]} (10. c5 $14) 10... f4 $146 ({Better is} 10... Nc6 $15 11. Qd1 (11. exf5 $2 Nb4 $19) 11... Nd4) ({Predecessor:} 10... Na6 11. Qe2 Nc5 12. Bc2 Qe7 13. a3 c6 14. b4 Ncxe4 15. Nxe4 Nxe4 16. Bxe4 fxe4 {0-1 (25) Erzen,A-Lacic,M Slovenia 1991}) 11. Rb1 (11. Rd1 $11) 11... h6 (11... Bg4 $15) 12. b4 g5 13. Rd1 c6 (13... g4 $1 $11 14. c5 Nfd7) 14. c5 $36 {[%mdl 2048] Bc4+ is the strong threat. White is really pushing.} Qe7 15. Nd2 {[%cal Bf3d2,Bd2c4,Bc4d6][%mdl 32]} Bg4 16. Be2 (16. f3 $5 {[%cal Rf3g4]} Be6 17. Nc4 $16) 16... h5 (16... Bxe2 $14 17. Nxe2 (17. Qb3+ Qe6 $11) 17... a5) 17. Nc4 $16 Rf8 (17... Bxe2 $16 18. Nxe2 (18. Qxe2 Qe6 $16) 18... Qe6) 18. Nd6 $18 Bxe2 19. Qxe2 Nbd7 (19... Rd8 $16 20. f3 Kh7) 20. Qc4+ Kh7 21. Nxb7 f3 (21... a6 $142 22. Na5 Nb8) 22. Bxg5 fxg2 23. Rd6 (23. Kxg2 Nb6 24. cxb6 Qxb7 $18) 23... Qe8 24. Rbd1 (24. Kxg2 Rg8 25. Kf1 (25. Rxc6 Bh6 $18) 25... Qg6 $18) (24. Rxc6 Qg6 25. Bxf6 Nxf6 $18) 24... Qg6 25. h4 Rf7 26. Rxc6 Nb8 27. Nd8 Nxc6 28. Nxf7 Rf8 29. Nd6 Nd4 30. Rxd4 (30. Kxg2 Bh6 31. Qd3 Bxg5 32. hxg5 Qxg5+ 33. Qg3 Ng4 $16) 30... exd4 {[#]} 31. Nd5 {Pair of Knights!} (31. Qxd4 $2 Ng4 32. e5 Bxe5 $19) (31. f4 $1 $18 {[%cal Rf4f5]} Bh8 32. Ne2) 31... Nxe4 $15 {[%mdl 64] Discovered Attack, Double Attack} 32. Ne7 $2 {[%mdl 8192]} (32. f4 $1 $11 Nxd6 33. cxd6) 32... Nxd6 $19 {Dancing on a razor blade.} 33. cxd6 $2 (33. Nxg6 {only move.} Nxc4 34. Nxf8+ Bxf8 35. Kxg2) 33... Qb1+ ({Less strong is} 33... Qxd6 34. Qd3+ (34. Kxg2 Re8 $11) 34... Kh8 35. Ng6+ (35. Kxg2 Re8 $11) 35... Kg8 36. Be7 $16 (36. Kxg2 Re8 $17) (36. Qc4+ Kh7 $16)) 34. Kxg2 Qe4+ 35. Kg1 Qf3 (35... Qg4+ $142 36. Kf1 Qd1+ 37. Kg2 Qf3+ 38. Kg1 Qxf2+ 39. Kh1 Qe1+ 40. Qf1 Qxf1+ 41. Kh2 Rf2+ 42. Kg3 Qg2#) 36. Qc2+ (36. Qf1 $19 d3 37. Qg2 Qd1+ 38. Qf1 Qg4+ 39. Qg2) 36... d3 37. Qd2 Bd4 38. Be3 Bxe3 $2 (38... Qg4+ {mates} 39. Kh1 Qe4+ 40. Kh2 Be5+ 41. f4 Rxf4 42. Bxf4 Bxf4+ 43. Kg1 Bxd2 44. Nd5 Qxd5 45. d7 Qxd7 46. Kh2 Qg4 47. a3 Bf4+ 48. Kh1 d2 49. b5 d1=Q#) 39. Qxd3+ $15 Kh8 40. Qxe3 {[%cal Re3h6]} Qd1+ 41. Kg2 {[%cal Re3h6]} Qxd6 42. Qc3+ (42. Qxa7 $2 {too greedy.} Re8 43. Qe3 Rxe7 44. Qc3+ Rg7+ 45. Kf3 Qd5+ 46. Ke3 Qe6+ 47. Kd3 Qxa2 $19) (42. Qg5 $1 $11 {remains equal.} Kh7 43. Qxh5+ Qh6 44. Qg5) 42... Qf6 $17 43. Qxf6+ ({Wrong is} 43. Ng6+ $2 Kg7 44. Qxf6+ Rxf6 $19) 43... Rxf6 44. Nd5 {Inhibits Rb6.} (44. b5 $17 {keeps fighting.}) 44... Ra6 {A wild game.   Weighted Error Value: White=0.84/Black=0.62} 0-1

[Event "Romanian Team Rapid Open 2022"]
[Site "Sebes"]
[Date "2022.12.03"]
[Round "3.18"]
[White "Cordea, David"]
[Black "Vrencian, Lehel"]
[Result "*"]
[WhiteElo "2049"]
[BlackElo "2226"]
[Annotator "TA"]
[PlyCount "53"]
[EventDate "2022.12.03"]
[EventType "rapid"]
[EventCountry "ROU"]
[SourceTitle "playchess.com"]
[Source "ChessBase"]
[SourceQuality "1"]

{[%evp 17,39,0,15,0,0,0,0,6,20,17,17,17,7,0,49,0,21,0,15,9,18,4,10,2]} 1. e4 c5 2. Nf3 {[%cal Bg1f3,Bf3d4,Bd4b5,Bb5c3][%mdl 32]} Nc6 3. d4 cxd4 4. Nxd4 Nf6 5. Nc3 e5 6. Ndb5 d6 7. Nd5 Nxd5 8. exd5 Nb8 9. c4 Nd7 10. Be3 {[%cal Of1d3] B33: Sicilian: Pelikan and Sveshnikov Variations.} (10. Bg5 $5 {[%cal Rg5d8]} f6 11. Be3 $14) 10... a6 11. Nc3 Be7 12. Bd3 O-O 13. O-O f5 14. f3 b6 15. b4 Bb7 (15... Bg5 $11 16. Bf2 a5) 16. Qb3 (16. Qd2 $14) 16... Rb8 {The position is equal.} 17. Rac1 Kh8 18. a3 Bg5 19. Bxg5 Qxg5 20. Qc2 {[#] A rather calm draw.   Weighted Error Value: White=0.10 (very precise) /Black=0.09 (flawless)} {Predecessor:} Rbe8 $146 21. Qf2 Qh6 22. Rce1 g5 23. Na4 e4 24. fxe4 fxe4 25. Qd4+ Ne5 26. Bxe4 Qh4 27. Nxb6 {0-1 (43) Campian,C (1998)-Daianu,C (2189) Sebes 2022} *

[Event "Romanian Team Rapid Open 2022"]
[Site "Sebes"]
[Date "2022.12.03"]
[Round "3.18"]
[White "Campian, Cristian"]
[Black "Daianu, Cristian-Clement"]
[Result "0-1"]
[WhiteElo "1998"]
[BlackElo "2189"]
[Annotator "TA"]
[PlyCount "85"]
[EventDate "2022.12.03"]
[EventType "rapid"]
[EventCountry "ROU"]
[SourceTitle "playchess.com"]
[Source "ChessBase"]
[SourceQuality "1"]

{[%evp 17,85,4,6,0,0,0,0,0,8,0,0,0,19,0,50,5,23,0,14,10,11,8,8,1,28,14,37,11,151,139,183,188,232,209,214,89,498,490,495,391,515,353,379,350,309,310,765,761,761,212,208,52,59,46,52,47,241,235,316,308,477,472,506,493,484,479,484,476,950,428]} 1. e4 c5 2. Nf3 Nc6 3. d4 cxd4 4. Nxd4 Nf6 5. Nc3 e5 6. Ndb5 d6 7. Nd5 Nxd5 8. exd5 Nb8 9. c4 Nd7 10. Be3 {[%cal Of1d3] B33: Sicilian: Pelikan and Sveshnikov Variations.} a6 11. Nc3 Be7 12. Bd3 {The position is equal.} O-O 13. O-O f5 14. f3 b6 (14... Bg5 $5 {[%cal Rg5e3]} 15. Bf2 b6 $11) 15. b4 Bb7 (15... Bg5 $11 16. Bf2 g6) 16. Qb3 {[%cal Oc4c5] [#]} Rb8 $146 ({Predecessor:} 16... Kh8 17. a4 Rb8 18. Qc2 g6 19. a5 Bf6 20. Rfd1 Qc7 21. axb6 Nxb6 22. c5 Nxd5 23. Nxd5 Bxd5 24. Rxa6 {1-0 (36) Roca,P (2408)-Liu,Y (2050) Manila 2006}) 17. Rac1 Kh8 18. a3 Bg5 19. Bxg5 Qxg5 20. Qc2 Rbe8 21. Qf2 Qh6 {[%cal Oe5e4]} 22. Rce1 {Prevents e4.} g5 (22... Qf6 $11 {remains equal.}) 23. Na4 $1 $16 e4 24. fxe4 fxe4 25. Qd4+ Ne5 26. Bxe4 (26. Be2 $18 {is more deadly.}) 26... Qh4 $2 {[%mdl 8192]} (26... Rxf1+ $16 {is a better chance.} 27. Rxf1 Qg7) 27. Nxb6 $18 Kg8 28. g3 {Prevents a5.} Qh5 29. Bg2 {Against a5} g4 30. c5 Nf3+ 31. Bxf3 gxf3 (31... Rxe1 32. Rxe1 gxf3) 32. Rxe8 (32. cxd6 $2 f2+ $19) 32... Rxe8 33. Nd7 $2 (33. c6 Bc8 34. Nxc8 Rxc8 35. Qe4 f2+ 36. Rxf2 (36. Kxf2 Re8 $11)) 33... Qh3 {[%csl Gf3][%cal Rh3g2] [#]} 34. Qg4+ $3 {[%mdl 512]} Qxg4 $14 35. Nf6+ {[%cal Bd7f6,Bf6g4,Bg4e5][%mdl 32]} Kg7 36. Nxg4 Bxd5 $2 (36... dxc5 $14 37. Rxf3 (37. bxc5 Bxd5 38. Nf2 Re2 $11) 37... cxb4) 37. cxd6 {[%mdl 4096] Endgame Rd1 is the strong threat. KRB-KRN} Rd8 38. Rd1 Bc4 (38... f2+ $142 39. Nxf2 Bc6) 39. Kf2 $18 {White is clearly winning.} Be2 40. Rd2 Kf7 41. Ne5+ ({Less strong is} 41. d7 Ke6 42. Rd4 Bb5 43. Re4+ Kf7 44. Rf4+ Ke7 $18) 41... Ke6 42. Nd3 ({Weaker is} 42. Nxf3 Bc4 43. d7 Bd5 44. Ng5+ Ke5 45. Nxh7 Rxd7 $18) 42... Rc8 (42... Bxd3 $142 43. Rxd3 Kd7) 43. Nf4+ {[%mdl 32768] Weighted Error Value: White=0.45/Black=0.55. Loss on time!?} (43. Nc5+ $142 Kf6 44. d7) 0-1

[Event "Romanian Team Rapid Open 2022"]
[Site "Sebes"]
[Date "2022.12.03"]
[Round "3.19"]
[White "Craciun, Sasha-Matei"]
[Black "Campian, Cristian"]
[Result "*"]
[WhiteElo "2001"]
[BlackElo "1998"]
[Annotator "TA"]
[PlyCount "62"]
[EventDate "2022.12.03"]
[EventType "rapid"]
[EventCountry "ROU"]
[SourceTitle "playchess.com"]
[Source "ChessBase"]
[SourceQuality "1"]

{[%evp 11,49,16,14,9,30,0,0,-6,0,0,25,14,10,0,0,-15,8,-12,57,-14,-10,-31,-6,-66,-66,-65,-66,-81,-72,-83,-87,-111,-72,-122,-83,-168,-167,-183,-130,-182]} 1. d4 d5 2. Bf4 Nf6 3. e3 c5 4. c3 Nc6 5. Nd2 Bg4 6. Ngf3 e6 7. Qb3 {D02: 1 d4 d5 2 Nf3 sidelines, including 2...Nf6 3 g3 and 2...Nf6 3 Bf4.} Qb6 8. Be2 c4 9. Qc2 {The position is equal.} Bf5 10. Qc1 h6 11. O-O Be7 12. h3 O-O 13. Rd1 Qd8 14. Ne5 Nxe5 ({Better is} 14... Rc8 $11) 15. Bxe5 (15. dxe5 $14 Ne4 16. Nxe4 Bxe4 17. Bxc4) 15... b5 $11 16. a3 Bd6 17. Nf3 ({White should play} 17. a4 $11) 17... a5 $15 18. Bxd6 Qxd6 19. Ne5 b4 20. f3 bxc3 21. bxc3 Rfb8 22. e4 (22. a4 $142) 22... dxe4 $17 23. Nxc4 (23. a4 $17) 23... Qg3 $19 24. fxe4 Nxe4 ({Not} 24... Bxh3 25. Bf3 $17) (24... Bxe4 $19 {[%csl Ge4][%cal Rg3g2]} 25. Bf1 Nd5) 25. Qe3 {[#]   Weighted Error Value: White=0.28 (precise) /Black=0.18 (very precise)} (25. Rf1 $17) {Predecessor:} 25... Nxc3 $146 26. Qxg3 Nxe2+ 27. Kf2 Nxg3 28. Kxg3 Rb3+ 29. Kh2 Be4 30. Rd2 Bd5 31. Ne5 Rab8 {0-1 (39) Sandru,N (1657)-Vrencian,L (2226) Sebes 2022} *

[Event "Romanian Team Rapid Open 2022"]
[Site "Sebes"]
[Date "2022.12.03"]
[Round "3.19"]
[White "Sandru, Nicolae"]
[Black "Vrencian, Lehel"]
[Result "0-1"]
[WhiteElo "1647"]
[BlackElo "2226"]
[Annotator "TA"]
[PlyCount "78"]
[EventDate "2022.12.03"]
[EventType "rapid"]
[EventCountry "ROU"]
[SourceTitle "playchess.com"]
[Source "ChessBase"]
[SourceQuality "1"]

{[%evp 11,78,26,22,17,36,0,0,0,0,0,27,16,15,0,11,-12,0,-21,40,-22,-24,-26,-22,-67,-67,-58,-55,-64,-79,-87,-93,-90,-85,-111,-126,-155,-163,-184,-144,-189,-178,-239,-222,-219,-205,-233,-212,-216,-112,-271,-256,-277,-273,-363,-363,-366,-358,-355,-356,-333,-340,-324,-160,-162,-158,-458,-455,-425,-439]} 1. d4 d5 2. Bf4 Nf6 3. e3 c5 4. c3 Nc6 5. Nd2 Bg4 6. Ngf3 e6 7. Qb3 {D02: 1 d4 d5 2 Nf3 sidelines, including 2...Nf6 3 g3 and 2...Nf6 3 Bf4.} Qb6 8. Be2 c4 9. Qc2 {The position is equal.} Bf5 10. Qc1 h6 11. O-O Be7 12. h3 O-O {[#]} 13. Rd1 $146 (13. b3 $5 {[%cal Rb3c4]}) ({Predecessor:} 13. Bd1 Rfc8 14. Bc2 Bxc2 15. Qxc2 Qd8 16. e4 b5 17. Rfe1 b4 18. exd5 Nxd5 19. Bg3 bxc3 20. bxc3 {0-1 (45) Rodriguez Fontecha,M (2309)-Korchmar,V (2438) Chess.com INT 2022}) 13... Qd8 14. Ne5 Nxe5 ({Better is} 14... Rc8 $11) 15. Bxe5 (15. dxe5 $14 Ne4 16. Nxe4 Bxe4 17. Bxc4) 15... b5 $11 16. a3 Bd6 17. Nf3 a5 18. Bxd6 Qxd6 19. Ne5 b4 {White is now going downhill.} 20. f3 bxc3 {Black is more active.} 21. bxc3 Rfb8 22. e4 dxe4 23. Nxc4 Qg3 24. fxe4 Nxe4 $40 {[%mdl 128] [#] Strongly threatening ...Qf2+. Black has strong attack.} ({And not} 24... Bxh3 25. Bf3 $17) 25. Qe3 {Against Qf2+} Nxc3 {aiming for ...Qxe3+.} 26. Qxg3 (26. Re1 $142 Qxe3+ 27. Nxe3) 26... Nxe2+ $19 27. Kf2 Nxg3 28. Kxg3 Rb3+ 29. Kh2 Be4 ({Black should try} 29... Bd3 $19 30. Nd6 Rab8) 30. Rd2 $2 (30. Nd2 $17 {was the only defense.} Re3 31. Nxe4 Rxe4 32. d5) 30... Bd5 31. Ne5 Rab8 32. Nd7 Rb2 33. Rad1 Rxd2 34. Rxd2 {[%mdl 4096] Endgame KRB-KRN} Rb3 35. Rc2 f6 ({Weaker is} 35... Rxa3 36. Rc8+ Kh7 37. Nf8+ Kh8 38. Nd7+ Kh7 39. Nf8+ Kh8 40. Nd7+ Kh7 $11) 36. a4 Ra3 (36... Rb4 $19 37. Rc8+ Kf7) 37. Rc8+ $17 Kf7 {[#] And now ...Ra2 would win.} 38. Nc5 $2 (38. Nb6 $17) 38... Ra2 $19 39. Rc7+ Kg6 {Weighted Error Value: White=0.32/Black=0.18 (very precise)} 0-1

[Event "Romanian Team Rapid Open 2022"]
[Site "Sebes"]
[Date "2022.12.03"]
[Round "3.20"]
[White "Dragomirescu, Robin-Alexandru"]
[Black "Stanca, Adrian"]
[Result "*"]
[WhiteElo "2337"]
[BlackElo "2182"]
[Annotator "TA"]
[PlyCount "51"]
[EventDate "2022.12.03"]
[EventType "rapid"]
[EventCountry "ROU"]
[SourceTitle "playchess.com"]
[Source "ChessBase"]
[SourceQuality "1"]

{[%evp 14,35,48,49,62,62,80,50,49,50,47,55,87,40,87,0,64,0,0,0,103,36,139,145]} 1. e4 c5 2. Nf3 g6 3. d4 cxd4 4. Nxd4 Nc6 5. c4 Bg7 6. Be3 Nf6 {6...Qb6 injects fresh life into this line.} 7. Nc3 O-O 8. Be2 Nxd4 {B38: Sicilian: Maroczy Bind with 5...Bg7 and 7...0-0.} 9. Bxd4 ({Of course not} 9. Qxd4 $6 Ng4 $1 10. Qd3 Nxe3 11. Qxe3 Qa5 $15) 9... a5 10. f3 {White is more active.} d6 {White is slightly better.} 11. O-O Bd7 12. b3 a4 13. Qd2 ({Much worse is} 13. Nxa4 $6 Bxa4 14. bxa4 Nd7 $11) (13. b4 $16) 13... Qa5 $14 14. Rad1 (14. b4 $16 Qh5 15. Rad1) 14... Rfc8 ({Black should try} 14... axb3 $11 15. axb3 Rfe8) 15. Kh1 (15. Bxf6 $14 Bxf6 16. Nd5) 15... axb3 $11 16. axb3 Kf8 (16... Bc6 $11 {remains equal.}) 17. Qe3 (17. f4 $16) 17... Qb4 {[#]} ({Black should play} 17... e5 $14 18. Bb6 Qb4) 18. Bxf6 $1 {[#]   Weighted Error Value: White=0.39/Black=0.43} {Predecessor:} exf6 $146 19. Nd5 Qc5 20. Qxc5 Rxc5 21. Nb6 Rd8 22. Rxd6 Ke7 23. Rfd1 Rc6 24. Rxd7+ Rxd7 25. Rxd7+ Ke8 26. Rxb7 {1-0 (26) Craciun,S (2001)-Tarciuc,I (1642) Sebes 2022} *